| 000 -LEADER |
| fixed length control field |
01015nam a22002417a 4500 |
| 005 - DATE AND TIME OF LATEST TRANSACTION |
| control field |
20240215133604.0 |
| 008 - FIXED-LENGTH DATA ELEMENTS--GENERAL INFORMATION |
| fixed length control field |
240215b ||||| |||| 00| 0 eng d |
| 020 ## - INTERNATIONAL STANDARD BOOK NUMBER |
| International Standard Book Number |
9781788004633 |
| 040 ## - CATALOGING SOURCE |
| Transcribing agency |
KH8 |
| 082 ## - DEWEY DECIMAL CLASSIFICATION NUMBER |
| Classification number |
823.92 SKY |
| 100 ## - MAIN ENTRY--PERSONAL NAME |
| Personal name |
Sykes, Julie |
| Relator term |
Author |
| 245 ## - TITLE STATEMENT |
| Title |
Matilda and Pearl |
| Statement of responsibility, etc. |
Julie Sykes |
| 260 ## - PUBLICATION, DISTRIBUTION, ETC. |
| Place of publication, distribution, etc. |
London, |
| Name of publisher, distributor, etc. |
Nosy Crow, |
| Date of publication, distribution, etc. |
2019 |
| 300 ## - PHYSICAL DESCRIPTION |
| Extent |
101 pages : |
| Other physical details |
illustrations ; |
| Dimensions |
20 cm |
| 440 ## - SERIES STATEMENT/ADDED ENTRY--TITLE |
| Title |
Unicorn Academy, |
| Volume/sequential designation |
9 |
| 520 ## - SUMMARY, ETC. |
| Summary, etc. |
Matilda and Pearl are having a fantastic time at Unicorn Academy. They both have big imaginations and are great at telling stories. They're the perfect partners. While camping in the woods, Matilda, Pearl and their friends discover that magic is draining from the oldest tree on the island. They're sure someone is up to no good but they'll have to think fast to stop them! |
| 521 ## - TARGET AUDIENCE NOTE |
| Target audience note |
640L |
| 650 ## - SUBJECT ADDED ENTRY--TOPICAL TERM |
| Topical term or geographic name entry element |
Camping |
| 650 ## - SUBJECT ADDED ENTRY--TOPICAL TERM |
| Topical term or geographic name entry element |
Camping |
| Form subdivision |
Fiction |
| 650 ## - SUBJECT ADDED ENTRY--TOPICAL TERM |
| Topical term or geographic name entry element |
Camping |
| Form subdivision |
Juvenile fiction |
| 700 ## - ADDED ENTRY--PERSONAL NAME |
| Personal name |
Lucy Truman |
| Relator term |
Illustrator |
| 942 ## - ADDED ENTRY ELEMENTS (KOHA) |
| Source of classification or shelving scheme |
|
| Koha item type |
Books - Fiction |